| 000 | 00000nam##2200000za#4500 |
| 001 | 9.698006 |
| 003 | CaOODSP |
| 005 | 20210624235731 |
| 007 | cr ||||||||||| |
| 008 | 150407|2006||||xxc|||||o f|0| 0 eng|d |
| 040 | |aCaOODSP|beng |
| 043 | |an-cn--- |
| 086 | 1 |aEn4-216/2006E-PDF |
| 110 | 1 |aCanada. |bEnvironment Canada. |bAudit and Evaluation Branch. |
| 245 | 10|aEvaluation of the One-Tonne Challenge program : |h[electronic resource]|bfinal report |
| 260 | |aGatineau - Quebec : |bEnvironment Canada. |cJuly 18, 2006. |
| 300 | |a59p.|bfig., tables |
| 590 | |a13-14-Supp|b2013-05-30 |
| 775 | 08|tÉvaluation du programme du Défi d'une tonne : |w(CaOODSP)9.642003 |
| 856 | 40|ahttp://publications.gc.ca|qPDF|s360 KB|uhttps://publications.gc.ca/collections/collection_2013/ec/En4-216-2006-eng.pdf |